000 01020nam a2200277 a 4500
001 000011834
005 20250430073846.0
008 091028s2004 dr a 000 0 spa d
020 _a9945000101
040 _aDO-SdBNP
_bspa
_cBNPD
082 _a158.1
_bC138s
100 1 _aCañizares J., Oscar A.
_928000
245 1 0 _aScribo vobis... /
_cOscar A. Cañizares J. ; ilustraciones Homero Herrera.
260 _aSantiago de los Caballeros, República Dominicana :
_bTeófilo,
_c2004.
300 _a159 p. :
_bil. ;
_c22 cm.
500 _aIncluye datos biográficos del autor en la solapa de la cubierta
504 _aBibliografía : p. 152-157
590 _aInventariado, 2018/LP
650 4 _aSeguridad (psicología)
_928001
650 4 _aEjercicios espirituales
_98168
650 0 _aAutorrealización (Psicología)
_9211
650 4 _aServicios de consulta electrónica
_928002
650 4 _aCorreo electrónico
_92715
700 1 2 _aHerrera, Homero,
_eil.
_928003
910 4 _aValidado. Control de calidad MMOLINA
999 _c11508
_d11508